[Event "Hokkaido Ch.2017"]
[Site "Sapporo"]
[Date "2017.03.25"]
[Round "3.6"]
[White "Yoshii, Yukihiko"]
[Black "Koyahata, Taku"]
[Result "1-0"]
[WhiteElo "1828"]
[BlackElo "1349"]
[Annotator "Fritz 15 (30s)"]
[PlyCount "57"]

{A28: English Opening: Four Knights Variation} 1. c4 e5 2. Nc3 Nf6 3. Nf3 Nc6
4. d4 exd4 5. Nxd4 Ne5 (5... g6 6. Nxc6 bxc6 7. g3 Bg7 8. Bg2 Rb8 9. O-O c5 10.
Qa4 a6 11. Qc2 O-O 12. Bd2 Re8 13. Rad1 d6 14. Rfe1 Be6 15. b3 Qd7 16. Bg5 h6
17. Bxf6 Bxf6 18. Ne4 Qe7 19. Nxf6+ Qxf6 20. Qd2 {Mohr,G (2470)-Zagrebelny,S 
(2480) Elista 1998 1/2-1/2 (41)}) 6. e4 $146 (6. f4 Nxc4 7. e4 d5 8. Bxc4 dxc4
9. Qa4+ Bd7 10. Qxc4 c5 11. Nf3 Be6 12. Qb5+ Qd7 13. f5 Qxb5 14. Nxb5 Bc4 15.
Nc7+ Kd8 16. Nxa8 Nxe4 17. Bf4 Kc8 18. Ne5 Bd6 19. Nxc4 Bxf4 20. O-O Bb8 {
Castiglione,M (2282)-Pagerka,M (2200) Slovakia 2011 1-0}) (6. Bf4 Ng6 7. Bg3
Nh5 8. e3 Nxg3 9. hxg3 Bb4 10. Qb3 Bxc3+ 11. Qxc3 d6 12. f4 Bg4 13. Bd3 Qd7 14.
Nf3 O-O 15. e4 Rfe8 16. O-O-O Qc6 17. Rde1 Bxf3 18. gxf3 Qc5 19. Re2 Re7 20.
Bc2 a5 {Cabrilo,G (2482)-Zivkovic,I (2320) Vrnjacka Banja 2009 1-0 (66)}) 6...
Bc5 7. Be2 c6 {Controls b5} (7... d6 8. f4 Ned7 9. O-O $11) 8. O-O (8. Nb3 $5
Bb4 9. Qd4 $16) 8... O-O (8... d6 9. h3 $11) 9. Bg5 {Black has a cramped
position. Black's piece can't move: c8} (9. Nb3 Be7 $14) 9... h6 {Black
threatens to win material: h6xg5} (9... d6 10. h3 $11) 10. Bh4 (10. Bxf6 Qxf6
11. Nb3 Qe7 $14) 10... d6 (10... Ng6 11. Bg3 Re8 12. Qd3 $11) 11. h3 {White
has an active position} (11. Nf5 Re8 12. Na4 Bxf5 13. exf5 Qe7 $11) 11... Be6 (
11... Re8 12. Bg3 $11) 12. b3 Kh7 (12... Re8 13. a3 $11) 13. Kh1 (13. Nxe6 $5
fxe6 14. Qc2 $14) 13... Ng6 $11 {Black threatens to win material: Ng6xh4} 14.
Bg3 Ne5 $4 {weakening the position} (14... Bb4 $142 {and Black hangs on} 15.
Nxe6 fxe6 $11) 15. f4 $18 Nfd7 $2 (15... Ned7 $142 16. f5 Bxc4 17. Bxc4 Qa5 $18
) 16. fxe5 Nxe5 (16... Bxd4 17. Qxd4 Qg5 18. Qf2 dxe5 19. Rad1 $18) 17. Qd2 (
17. Na4 {seems even better} Qe7 18. Nxc5 dxc5 19. Bxe5 cxd4 20. Qxd4 Rad8 $18)
17... Bxd4 (17... Qa5 18. Rfd1 $18) 18. Qxd4 Qc8 (18... f6 19. Rfd1 $18) 19.
Bxe5 (19. c5 $5 {keeps an even firmer grip} Nd7 20. cxd6 Kh8 $18) 19... dxe5
20. Qxe5 Re8 21. Qg3 b6 (21... Re7 {doesn't get the cat off the tree} 22. Rad1
$18) 22. Rad1 c5 (22... Kh8 {doesn't change the outcome of the game} 23. e5 $18
) 23. Bd3 Qb7 (23... Rb8 {doesn't improve anything} 24. e5+ Kh8 25. Qh4 $18)
24. e5+ g6 (24... Kh8 {hardly improves anything} 25. Be4 Qc7 26. Nb5 $18) 25.
Be4 Qa6 (25... Qc7 {a fruitless try to alter the course of the game} 26. Bxa8
Rxa8 27. Nd5 Bxd5 28. cxd5 $18) 26. Bxa8 (26. Bxg6+ Kg7 27. Bxf7+ Bg4 28. Qxg4+
Kh8 29. Rd6 b5 30. Rxa6 Re6 31. Qxe6 bxc4 32. Qxh6#) 26... Rxa8 $18 27. Qf3 (
27. Rxf7+ Bxf7 28. Qf3 Rf8 29. Rd8 Kg8 30. Rxf8+ Kxf8 31. e6 Qb7 32. Qxb7 Bxe6
33. Nd5 Bf7 34. Qe7+ Kg7 35. Nf6 h5 36. Nd7 Kh7 37. Qxf7+ Kh6 38. Nf8 Kg5 39.
Ne6+ Kh4 40. Qf4#) 27... Qc8 28. Ne4 Rb8 (28... Kg8 $18 {hoping against hope})
29. Nd6 (29. Nd6 Qd8 30. Nxf7 $18) 1-0

[Event "Hokkaido Ch.2017"]
[Site "Sapporo"]
[Date "2017.03.25"]
[Round "3.7"]
[White "Kimura, Yusei"]
[Black "Sato, Yasuji"]
[Result "0-1"]
[WhiteElo "1009"]
[BlackElo "1555"]
[Annotator "Fritz 15 (30s)"]
[PlyCount "52"]

{C24: Bishop's Opening: 2...Nf6} 1. e4 e5 2. Bc4 Bc5 3. d3 Nf6 4. Bg5 h6 5.
Bxf6 $146 {White forks: e5, g7+d8} (5. Bh4 d6 6. c3 (6. Nd2 Nc6 7. c3 a6 8. Ne2
Ba7 9. Bb3 g5 10. Bg3 Nh5 11. Nc4 Nf4 12. Ne3 Be6 13. Kf1 Qf6 14. d4 exd4 15.
Nd5 Bxd5 16. exd5 Nxe2 17. Qxe2+ Ne7 18. h4 Kf8 19. Rh3 Nf5 20. Kg1 dxc3 {
Conquest,S (2485)-Howell,J (2465) Hafnarfirdi 1992 0-1 (51)}) 6... Qe7 7. Nd2
Nbd7 (7... a6 8. Nf1 Be6 9. Bb3 c6 10. Bc2 Nbd7 11. Qe2 Nf8 12. Bg3 g5 13. h4
Ng6 14. hxg5 hxg5 15. Rxh8+ Nxh8 16. Qd2 Ng6 17. Qxg5 O-O-O 18. Ne2 Rg8 19. Qd2
d5 20. exd5 Bxd5 21. Ne3 Be6 22. d4 {Meister,J (2479)-Hoeckendorf,H (2185)
Berlin 2012 1-0}) 8. Bg3 Nf8 9. Ne2 Ng6 10. b4 Bb6 11. Qb3 a5 12. bxa5 Bxa5 13.
Qc2 O-O 14. Bb3 Be6 15. O-O d5 16. Rfd1 c6 17. c4 Rac8 18. c5 Rfd8 19. Nf3 Bg4
{Basman,M (2410)-Carleton,J (2200) Birmingham 1972 0-1 (43)}) 5... Qxf6 {
Black has a mate threat} 6. Nf3 d6 7. h3 {Secures g4} (7. a4 O-O $11) 7... O-O
(7... Qg6 8. g4 $15) 8. O-O $11 Nc6 9. c3 {Prevents intrusion on b4} Ne7 10. d4
exd4 (10... Bb6 $5 $15) 11. cxd4 $11 Bb6 {Black has a cramped position} 12. e5
{White threatens to win material: e5xf6} (12. Nc3 c6 $11) 12... Qg6 (12... dxe5
13. dxe5 Qf4 14. Nbd2 $15) 13. exd6 (13. Nh4 Qe4 14. Nf3 dxe5 $11) 13... Bxh3 {
Black has a mate threat} (13... Nc6 $142 14. d5 Bxh3 $15) 14. Ne1 $4 {allows
the opponent back into the game} (14. Nh4 $142 {and White can hope to survive}
Qxd6 15. gxh3 $11) 14... cxd6 (14... Bg4 $142 15. Be2 Bxe2 16. Qxe2 Qxd6 $19)
15. f3 $4 {the position was bad, and this mistake simply hastens the end} (15.
Nc3 $142 $17) 15... Nf5 $19 16. Rf2 Bxd4 17. Qc2 (17. Nc3 {the only chance to
get some counterplay} d5 18. Qxd4 Nxd4 19. Bxd5 $19) 17... Rae8 18. Nc3 (18.
Bxf7+ {cannot change destiny} Rxf7 19. Qc8 Bxf2+ 20. Kf1 Rxc8 21. Nd2 Bxe1 22.
gxh3 Re7 23. Rxe1 Nh4 24. Rxe7 Qg2+ 25. Ke1 Rc1#) 18... Bxf2+ (18... Rxe1+ 19.
Rxe1 Qxg2#) 19. Qxf2 $19 Ne3 20. Bd3 Bf5 21. Bxf5 (21. Be4 {is not much help}
d5 $1 {Deflection: e4} 22. Bxd5 Qb6 $19) 21... Nxf5 (21... Qxf5 $142 {and
Black can already relax} 22. Rc1 $19) 22. Nb5 (22. Nc2 {does not improve
anything} a6 $19) 22... a6 (22... Re5 $142 {might be the shorter path} 23. Nc3
Ng3 24. Qd2 $19) 23. Nd4 (23. Nc3 $19 {desperation}) 23... Nxd4 24. Qxd4 Re2
25. b3 (25. Qg4 {does not solve anything} Qxg4 26. fxg4 Rfe8 $19) 25... Rfe8
26. Qc3 (26. Qh4 {there is nothing better in the position} d5 27. f4 $19) 26...
Qg3 (26... Qg3 27. Rc1 Qf2+ 28. Kh2 R2e5 29. f4 Rh5+ 30. Qh3 Qxf4+ 31. Kg1 Rxh3
32. gxh3 Qxc1 33. Kg2 Qxe1 34. b4 Qe2+ 35. Kg1 Rc8 36. a4 Rc1#) 0-1

[Event "Hokkaido Ch.2017"]
[Site "Sapporo"]
[Date "2017.03.25"]
[Round "3.8"]
[White "Sato, Takeru"]
[Black "Kudo, Sonosuke"]
[Result "1-0"]
[WhiteElo "1230"]
[BlackElo "952"]
[Annotator "Fritz 15 (30s)"]
[PlyCount "49"]

{A40: Unusual replies to 1 d4} 1. d4 Nc6 2. Bf4 e6 (2... d5 3. e3 Nf6 4. c4 e6
5. Nc3 a6 6. c5 Be7 7. Rb1 O-O 8. b4 Ne4 9. Nxe4 dxe4 10. Bc4 b5 11. Be2 Nb8
12. a4 Qd7 13. Nh3 Bb7 14. axb5 axb5 15. O-O h6 16. Ra1 Na6 17. Ra5 {Barva,A 
(2360)-Horvath,K (2188) Hungary 2012 1/2-1/2 (68)}) 3. e3 Nf6 $146 (3... d5 4.
Nc3 Bd6 5. Nf3 Nf6 6. Bg3 a6 7. a3 Ne7 8. Bd3 c5 9. O-O Bxg3 10. hxg3 Qc7 11.
e4 cxd4 12. Nxd4 e5 13. Nf3 d4 14. Ne2 O-O 15. c3 dxc3 16. Nxc3 Bg4 17. Rc1 Qb8
18. Qe1 {Buxade Roca,G (2201)-Grinberg,I (2279) Dresden 2007 1/2-1/2 (43)}) 4.
h3 {Prevents intrusion on g4} Bd6 5. Bxd6 cxd6 {Black has new doubled pawns:
d6+d7} 6. Nf3 O-O 7. Bd3 e5 8. dxe5 {White forks: d6+f6} (8. Nc3 $11) 8... Nxe5
(8... dxe5 $142 $5 {is an interesting idea} 9. Nfd2 d5 $15) 9. O-O Nxd3 10.
cxd3 d5 11. Nc3 d6 12. Qb3 Be6 13. Qxb7 Rb8 (13... a5 $5 $16) 14. Qxa7 Rxb2 15.
Rab1 Rxb1 16. Rxb1 Nd7 (16... Qc8 17. Qa5 $18) 17. d4 (17. Nd4 Qc8 $18) 17...
Qc8 18. Rb3 f5 $4 {the final mistake, not that it matters anymore} (18... Qc4
$142 $16) 19. Ng5 $18 Qe8 (19... Bf7 {there is nothing else anyway} 20. Rb7 h6
$18) 20. Rb7 f4 (20... Rf7 21. Nxf7 Kxf7 22. Nxd5 Bxd5 23. Rxd7+ Ke6 24. Rxg7
$18) 21. Nxe6 Qxe6 22. Rxd7 fxe3 (22... Qh6 23. exf4 Rxf4 24. Rd8+ Rf8 25.
Rxf8+ Kxf8 26. Qb8+ Kf7 27. Qc7+ Kf8 28. Qc8+ Kf7 29. Qd7+ Kf8 30. Nxd5 Qc1+
31. Kh2 Qe1 32. Qxd6+ Kf7 33. Qd7+ Kf8 $18) 23. Rxg7+ Kh8 24. Rxh7+ Kg8 25.
Qg7# 1-0

[Event "Hokkaido Ch.2017"]
[Site "Sapporo"]
[Date "2017.03.26"]
[Round "4.1"]
[White "Yamada, Akihiro"]
[Black "Numata, Takeshi"]
[Result "1/2-1/2"]
[WhiteElo "1970"]
[BlackElo "1656"]
[Annotator "Fritz 15 (30s)"]
[PlyCount "194"]

{D94: Gr・feld: 4 Nf3 Bg7 5 e3} 1. d4 d5 2. c4 c6 3. Nf3 Nf6 4. Qc2 g6 5. e3
Bf5 6. Bd3 Bxd3 7. Qxd3 Bg7 8. O-O O-O 9. Nc3 e6 (9... Nbd7 10. e4 (10. b3 a6
11. Bb2 b5 12. Rfc1 Qb8 13. Rc2 Rc8 14. Rac1 Qb7 15. Ne2 Ne4 16. Ng3 Nxg3 17.
hxg3 e6 18. Ne5 Nxe5 19. dxe5 dxc4 20. bxc4 Rd8 21. Qe4 b4 22. Bd4 Bf8 23. f4
Rab8 24. c5 Qd7 {Schein,K (2196)-Schnider,G (2314) Austria 2012 0-1 (45)})
10... dxe4 11. Nxe4 Nxe4 12. Qxe4 e6 13. Bf4 Re8 14. Rfe1 Qa5 15. Bd6 Qa6 16.
Ne5 Rad8 17. c5 f5 18. Qc2 Nf6 19. h4 Bf8 20. Nc4 Ne4 21. Be5 Bg7 22. f3 Bxe5
23. dxe5 Nxc5 24. Nd6 {Borges Mateos,J (2431)-Corrales Jimenez,F (2496) Havana
2006 1/2-1/2 (31)}) 10. b4 dxc4 11. Qxc4 Nd5 $146 (11... Nbd7 12. Rb1 Nb6 13.
Qb3 Nbd5 14. Na4 Re8 15. Nc5 Qe7 16. e4 Nb6 17. a4 a6 18. a5 Nc8 19. Bg5 Qc7
20. Ne5 Nd6 21. Qf3 Nh5 22. Qb3 Nb5 23. Nf3 Nxd4 24. Nxd4 Bxd4 25. Qc4 e5 26.
Rbd1 {Born,M (2206)-Rabl,J (2215) Wuerttemberg 1999 1/2-1/2}) 12. Rb1 Nxc3 13.
Qxc3 Qd5 {Black threatens to win material: Qd5xa2} 14. Qc2 Nd7 15. e4 {White
threatens to win material: e4xd5} Qh5 16. Rd1 Rfc8 17. Be3 Nf6 18. h3 {Black
has a cramped position} Bh6 19. Qd2 (19. Qe2 Rd8 $14) 19... Bxe3 (19... Nxe4
$142 20. Qd3 Nd6 $17) 20. Qxe3 $14 Kg7 {Black king safety dropped} 21. Rdc1 Qb5
22. Rc5 {White threatens to win material: Rc5xb5} Qb6 {Black has a cramped
position} 23. Rb3 a6 24. Ne5 Qd8 25. Rcc3 h5 (25... Nd7 26. Nc4 $14) 26. Rd3
Qe7 27. Qf4 Nd7 28. Nc4 Rf8 29. e5 f6 30. Qh4 Qd8 (30... Kh6 31. Qg3 $16) 31.
Qe4 (31. Rg3 $142 $5 Kh6 32. Qf4+ Kh7 33. Nd6 fxe5 34. Qe4 $16) 31... f5 $14
32. Qe2 Nb6 {Black threatens to win material: Nb6xc4} 33. Nd6 {The knight
dominates} Rb8 34. g3 (34. Rg3 Kh7 $14) 34... Nd5 {The knight likes it on d5}
35. a3 Qg5 36. Kh2 Qd8 (36... h4 37. Rd1 $11) 37. f4 (37. Rd1 Qg5 $11) 37...
Kh6 38. Rf3 Qe7 39. Rb1 Rg8 40. Qd2 Kh7 41. h4 Rgf8 42. a4 Qd7 43. b5 axb5 44.
axb5 cxb5 45. Rxb5 b6 46. Rfb3 Rfd8 47. Nc4 {White threatens to win material:
Nc4xb6} Qc6 48. Qd3 (48. Ne3 Nxe3 49. Qxe3 Kh6 $11) 48... Rd7 (48... Ra8 49.
Nd6 $15) 49. Rb2 Kg7 50. Ne3 Nxe3 51. Qxe3 Rd5 {Black threatens to win
material: Rd5xb5} 52. R5b3 b5 53. Rc3 Qb6 {[%cal Rb6d4,Rd5d4,Ge3d4] The
backward pawn on d4 becomes a target} 54. Rc5 Rbd8 55. Qe2 {[%cal Rb2b5,Rc5b5,
Re2b5,Gb6b5] The pressure on the isolated pawn grows} Rxc5 56. dxc5 Qxc5 57.
Rxb5 Qc6 58. Qb2 Rd7 59. Rb6 Qc8 (59... Rd2+ 60. Qxd2 Qxb6 61. Qg2 $11) 60. Rd6
(60. Rxe6 $142 $5 Rb7 61. Rb6 Rxb6 62. Qxb6 $16) 60... Kf7 61. Qb3 {White
threatens to win material: Qb3xe6} Rc7 62. Qd3 Ke7 63. Qa3 Kf7 64. Qd3 Ke7 65.
Qa3 Kf7 {Twofold repetition} 66. Rd2 Rd7 {Black threatens to win material:
Rd7xd2} 67. Qe3 Rc7 68. Qd3 Rc3 69. Qd7+ Qxd7 {Black has a mate threat} 70.
Rxd7+ Kg8 71. Re7 {White threatens to win material: Re7xe6} Rc6 72. Kg2 Kf8 {
Black threatens to win material: Kf8xe7} 73. Rd7 Rc2+ 74. Kf3 Rc3+ 75. Kf2 Rc2+
76. Ke3 Rc3+ 77. Rd3 {White threatens to win material: Rd3xc3} Rc2 78. Rd7 Rc3+
79. Rd3 Rc2 80. Kd4 Ke7 81. Rb3 Rd2+ 82. Kc4 Rc2+ 83. Kb5 Rc1 84. Kb6 Rc2 85.
Kb5 Rc1 {Twofold repetition} 86. Ra3 Rb1+ 87. Kc6 Rc1+ 88. Kb6 Rb1+ 89. Ka5 Rb2
90. Ka4 Rb1 91. Rb3 Rxb3 92. Kxb3 {A pawn endgame occured} Kd7 93. Kb4 Kc6 94.
Ka5 Kc5 95. Ka6 {[%cal Rc5d5] With the decisive threat Kd5} Kc6 96. Ka5 {
[%cal Rc6d5] White threatens strongly Kd5} Kc5 {Twofold repetition} 97. Ka4 {
[%cal Rc5c6] With the decisive threat Kc6} Kc4 1/2-1/2

[Event "Hokkaido Ch.2017"]
[Site "Sapporo"]
[Date "2017.03.26"]
[Round "4.3"]
[White "Sato, Tsubasa"]
[Black "Ito, Katsuhide"]
[Result "1-0"]
[WhiteElo "1677"]
[BlackElo "1328"]
[Annotator "Fritz 15 (30s)"]
[PlyCount "65"]

{B50: Sicilian: 2...d6, Miscellaneous} 1. e4 c5 2. Nf3 Nc6 3. Bc4 d6 4. h3 Nf6
5. d3 (5. Qe2 Qc7 6. c3 e6 7. O-O Be7 8. d4 cxd4 9. cxd4 d5 10. exd5 exd5 11.
Bb3 O-O 12. Nc3 Be6 13. a3 Rfe8 14. Qd3 Rad8 15. Nb5 Qc8 16. Bf4 a6 17. Nc7 Bf5
18. Qe2 Rf8 19. Rac1 Bd6 {Kalnins,K (2362)-Setkauskas,V (2242) Tartu 2014 0-1 
(41)}) 5... e6 6. Bg5 $146 (6. Bb3 Be7 7. O-O O-O 8. c3 Bd7 (8... b5 9. Nbd2
Bb7 10. Re1 a5 11. d4 Nd7 12. a4 b4 13. d5 exd5 14. exd5 Nce5 15. Nxe5 Nxe5 16.
Ne4 c4 17. Bc2 b3 18. Bb1 f5 19. Nc5 dxc5 20. Rxe5 g6 21. Bh6 Rf7 22. f4 Bf6
23. d6 {Al Ali,H (2356)-Nameer,N (2228) Sulaymaniyah 2012 1/2-1/2 (59)}) (8...
d5 9. e5 Nd7 10. d4 f6 11. exf6 Bxf6 12. Be3 c4 13. Bc2 e5 14. dxe5 Ndxe5 15.
Nh2 Re8 16. Na3 a6 17. Qd2 Ne7 18. Rad1 Bf5 19. g4 Bxc2 20. Nxc2 Nd3 21. g5 Be5
22. f4 Bc7 23. Nd4 {Saptarshi,R (2387)-Kiran,M (2261) Bhiwani 2010 1-0 (48)})
9. Re1 Ne5 10. d4 Nxf3+ 11. Qxf3 e5 12. dxc5 dxc5 13. a4 Bc6 14. Nd2 Qc7 15.
Nc4 Rae8 16. g4 Nd7 17. h4 Kh8 18. Ne3 g6 19. Nd5 Bxd5 20. Bxd5 Kg7 {Aronian,L
(2562)-Yegiazarian,A (2551) Yerevan 2001 1-0 (34)}) 6... Be7 7. O-O O-O 8. Bb3
a6 9. c4 e5 10. Nc3 Be6 11. a3 {Secures b4} Na5 12. Bxf6 Bxf6 {Black has the
pair of bishops} 13. Qc2 b5 14. Nd5 Rb8 15. Ba2 bxc4 16. Bxc4 Nxc4 17. dxc4
Bxd5 18. cxd5 Qb6 {Black threatens to win material: Qb6xb2} 19. Rfb1 Rfc8 20.
Nd2 Rb7 (20... Be7 21. Nc4 Qb5 22. b3 $14) 21. Nc4 $14 {White threatens to win
material: Nc4xb6. A comfortable square for the white knight} Qd8 (21... Qc7 22.
Qa4 $14) 22. Qa4 $16 Rb5 $2 (22... Ra7 $142 $16) 23. Qxa6 $18 Rcb8 24. f3 $4 {
forfeits the advantage} (24. Qxd6 {seems even better} Qxd6 25. Nxd6 Rb3 $18)
24... Bh4 $2 (24... Be7 25. Ra2 $16) 25. Ra2 $4 {weakening the position} (25.
Qxd6 {might be the shorter path} Qxd6 26. Nxd6 Rb3 $18) 25... Qg5 $2 (25... Be7
$142 $16) 26. Qxd6 $18 Rb3 27. Qxe5 Qg6 28. Nd2 (28. Qd6 {makes it even easier
for White} Qg5 29. Rf1 h6 $18) 28... Bf6 29. Qc7 Bd4+ 30. Kh1 R3b7 31. Qf4 Bxb2
$4 {simply worsens the situation.} (31... Qa6 32. Rc1 Bxb2 33. Rxc5 Qa7 $18)
32. Raxb2 $1 {Deflection: b8} Rxb2 (32... Rxb2 33. Qxb8+ {Mate attack
Deflection Pinning}) (32... -- $140 33. Qxb8+ {Mate threat}) 33. Qxb8+ (33.
Qxb8+ Rxb8 34. Rxb8#) 1-0

[Event "Hokkaido Ch.2017"]
[Site "Sapporo"]
[Date "2017.03.26"]
[Round "4.4"]
[White "Manabe, Hiroaki"]
[Black "Yoshii, Yukihiko"]
[Result "0-1"]
[WhiteElo "1755"]
[BlackElo "1828"]
[Annotator "Fritz 15 (30s)"]
[PlyCount "90"]

{C55: Two Knights: 4 d3, 4 d4 exd4 5 e5 and Max Lange Attack} 1. e4 e5 2. Bc4
Nf6 3. d4 Nc6 4. Nf3 {White threatens to win material: Nf3xe5} Be7 $4 $146 {
Black lets it slip away} (4... Nxe4 5. dxe5 Nc5 (5... Qe7 6. O-O h6 7. Qd5 Ng5
8. Nxg5 hxg5 9. Nc3 Nxe5 10. Bd2 c6 11. Qd4 Qd6 12. Qxd6 Bxd6 13. Rae1 Kd8 14.
Bb3 f6 15. Ne4 Be7 16. Nxg5 fxg5 17. Rxe5 Bd6 18. Bxg5+ Kc7 19. Re4 Bxh2+ 20.
Kh1 {MacLeod,S (2200)-Vassilaropoulos,N (2200) Australia 1973 0-1}) 6. Bf4 (6.
Nc3 Ne6 7. Ne4 Be7 8. Bd2 f6 9. exf6 Bxf6 10. Nxf6+ Qxf6 11. Bc3 Qg6 12. Qe2
O-O 13. O-O-O Re8 14. Rd5 Kf8 15. Qd2 Qe4 16. b3 Re7 17. Re1 Qg4 18. Ng5 Nxg5
19. Rxe7 Ne4 20. Rxe4 Qxe4 {Regan,K (2375)-Lein,A (2525) Lone Pine 1977 1-0}) (
6. O-O Ne6 (6... Be7 7. Nc3 O-O 8. Be3 Ne6 9. Nd5 Bc5 10. Qe2 Bxe3 11. Qxe3 a6
12. Rad1 Ne7 13. Qe4 Kh8 14. Ne3 Rb8 15. Bxe6 fxe6 16. Ng5 Nf5 17. Nxe6 Nd6 18.
Rxd6 {1-0 (18) Bademian Orchanian,J (2235)-Diano,D (2200) Piriapolis 1977}) 7.
Nc3 Be7 8. Ne4 O-O 9. c3 Nc5 10. Nxc5 Bxc5 11. Re1 Be7 12. Bf4 Kh8 13. Qd2 Na5
14. Bd3 d5 15. exd6 Bxd6 16. Rad1 Bg4 17. Bxd6 Qxd6 18. Re3 Rad8 19. b3 Nc6 20.
Qc2 Qf6 {Viela,M (2219)-Garcia Rodriguez,V (2222) Torres Vedras 2011 1/2-1/2 
(66)}) 6... Ne6 7. Bg3 Be7 8. Nc3 O-O 9. Nd5 Na5 10. Bd3 f5 11. Qd2 Nc6 12.
O-O-O a6 13. h4 b5 14. h5 Bb7 15. Nxe7+ Qxe7 16. Nh4 f4 17. Ng6 hxg6 18. hxg6
Nxe5 19. Rh4 {Teichmann,R-Marshall,F London 1902 1/2-1/2 (31)}) (4... exd4 5.
e5 d5 6. Bb5 $11) 5. Nc3 (5. dxe5 $142 $5 Ng4 6. Qd5 $16) 5... d6 6. Be3 {
White has a very active position} O-O 7. h4 {Black has a cramped position} (7.
d5 Na5 8. Be2 c5 $14) 7... Bg4 (7... exd4 8. Bxd4 Nxd4 9. Qxd4 $15) 8. Qd2 a6 {
White has a very active position} 9. Ng5 (9. Be2 $5 $11) 9... h6 {Black
threatens to win material: h6xg5} 10. f3 {White threatens to win material:
f3xg4} Bh5 (10... exd4 11. Bxd4 Nxd4 12. Qxd4 hxg5 13. hxg5 $17) 11. O-O-O b5 (
11... exd4 12. Bxd4 Nxd4 13. Qxd4 $15) 12. Be2 (12. dxe5 Nxe5 13. Be2 b4 $11)
12... exd4 13. Bxd4 Nxd4 14. Qxd4 c5 15. Qf2 b4 {Black threatens to win
material: b4xc3} 16. Na4 Qc7 (16... Qe8 17. b3 $11) 17. g4 {White threatens to
win material: g4xh5} Bg6 18. h5 $4 {letting the wind out of his own sails} (18.
Nh3 Rae8 $14) 18... Bh7 $4 {allows the opponent back into the game} (18... Nxg4
$142 {Black had this great chance} 19. Qg3 Bxg5+ 20. Kb1 Bxe4 21. fxe4 Nf6 $19)
19. Nxh7 $11 Nxh7 {Opposite coloured bishops appeared} 20. Bc4 Ng5 21. Rd5 Bf6
22. Rhd1 Rfd8 (22... Be5 23. Kb1 $11) 23. Rf5 Ne6 24. Qg3 {[%cal Rd1d6,Rg3d6,
Gc7d6,Gd8d6] Attacks the backward pawn on d6} (24. f4 $5 $14) 24... Nd4 $11 {
Black threatens to win material: Nd4xf5} 25. Rxc5 Qe7 (25... Qa7 26. Rd5 Rac8
27. R5xd4 Bxd4 28. b3 $11) 26. Rd5 $11 {White threatens to win material: Rd5xd4
} Rac8 27. R5xd4 Bxd4 28. Rxd4 Qc7 $4 (28... Qa7 $142 {saving the game} 29.
Bxf7+ Qxf7 $11) 29. Bb3 $18 a5 (29... Qa7 {cannot change what is in store for
White} 30. Rxb4 Rb8 31. Rxb8 Rxb8 32. Nc3 $18) 30. Rc4 (30. g5 $142 {and White
has triumphed} d5 31. Qxc7 Rxc7 32. gxh6 gxh6 $18) 30... Qa7 31. Rxc8 Qe3+ 32.
Kb1 Rxc8 33. a3 bxa3 34. bxa3 Qd4 (34... Kh8 35. Nb2 Qd2 36. Ka2 $18) 35. Qf4
Qd1+ (35... Rc7 36. Ka2 $18) 36. Ka2 Rc7 (36... Rxc2+ {cannot undo what has
already been done} 37. Bxc2 Qxc2+ 38. Nb2 $18) 37. Nb2 (37. Nc3 $142 $1 {
makes it even easier for White} Qf1 38. e5 Qa6 39. exd6 Rd7 $18) 37... Qd4 38.
Qf5 (38. g5 {and White can already relax} hxg5 39. Qxg5 Ra7 $18) 38... Qc3 (
38... Qc5 39. Qxc5 Rxc5 40. Nd3 $18) 39. Qb5 Rc8 (39... Kh7 {does not help much
} 40. Qd3 $18) 40. Qd7 (40. Nc4 {and White can already relax} Qd4 41. Nxa5 Qc5
42. Qxc5 dxc5 $18) 40... Rf8 (40... Qc7 {a fruitless try to alter the course
of the game} 41. Bxf7+ Kf8 42. Qxc7 Rxc7 43. Bc4 $18) 41. Nd3 Qd4 (41... Qf6 {
doesn't improve anything} 42. f4 Rd8 43. Qa7 $18) 42. Qc7 a4 43. Bd5 Qe3 (43...
Kh8 {is not much help} 44. f4 $18) 44. Qxd6 Qxf3 45. Ne5 Qf2 (45... Qf2 46. Qc7
Kh7 47. Bxf7 Rxf7 48. Nxf7 Qf1 $18) 0-1